000 00652nam a2200217 a 4500
001 BRCA_5716
005 20190320205205.0
008 030311s1935----u--#######---i100-0#eng-#
041 _aeng
044 _au
050 4 _aM1905
_b.P76 1935
245 1 0 _aProposed Enactments and Resolutions to be considered at the 1935 Convention Rotary International.
260 _aChicago
_bRotary International
_c1935
300 _a29 p.
_c22 cm.
500 _aH36
650 1 4 _aNegocios internacionales
_xSociedades
_914508
650 1 4 _aRotary Club
_zChicago (Estados Unidos)
_914509
710 2 _aRotary International
_914510
902 _aGFM
942 _2lcc
_cB
999 _c5406
_d5406